Patterns of child labour in rural Turkey (Record no. 5650)

MARC details
000 -BAŞLIK
Sabit Uzunlukta Kontrol Alanı 00626na a2200229 4500
001 - KONTROL NUMARASI
Denetim Alanı 18335
003 - KONTROL NUMARASI IDENTIFIER
Denetim Alanı MIRAKIL
005 - SON İŞLEM TARİHİ VE ZAMANI
Denetim Alanı 20181213155043.0
008 - SABİT-BOY VERİ ELEMANLARI - GENEL BİLGİLER
Sabit Uzunlukta Kontrol Alanı 161124b tu 000 0
020 ## - ULUSLARARASI STANDART KİTAP NUMARASI
Uluslararası Standart Kitap Numarası 9221094960
035 ## - SİSTEM KONTROL NUMARASI
Sistem Kontrol Numarası 18335
040 ## - KATALOGLAMA KAYNAK
Orijinal Kataloglama Ajansı Milas
Kataloglama Dili tur
Metne Dönüştürmek Ajansı TR-AnCHP
041 ## - DİL KODU
Metin / Ses Parça Veya Ayrı Başlığın Dil Kodu eng
082 ## - DEWEY ONLU SINIFLANDIRMA NUMARASI
Sınıflandırma Numarası 331.31
Ürün Numarası E67p 1994
090 ## - SINIFLAMA NUMARASI
Sınıflama Numarası 331.31 E67p 1994
100 ## - ANA GİRİŞ - KİŞİSEL İSİM
Kişisel Ad Ertürk, Yakın
245 ## - BAŞLIK TABLOSU
Başlık Patterns of child labour in rural Turkey
Sorumluluk Tablosu, Vb Yakın Ertürk
260 ## - YAYIN, DAĞITIM, VB
Yayın, Dağıtım, Vb Yeri Ankara
Yayıncı, Dağıtıcı, Vs Adı International Labour Organization
Yayın, Dağıtım, Vb Tarihi 1994
300 ## - FİZİKSEL TANIM
Kapsam 96 p.
Diğer Fiziksel Ayrıntıları pic.;ill.;
Boyutlar 22 cm.
650 ## - KONU KATMA GİRİŞ - TOPİKAL DÖNEM
Topikal Süreli Veya Coğrafi Ad Giriş Elemanı Çocuk işçiler
Coğrafi Alt Bölümü Türkiye
942 ## - EKLENDİ GİRİŞ ELEMANLARI (KOHA)
Sınıflandırma Veya Raf Düzeni Kaynak Dewey Decimal Classification
Koha Öğesi Türü Books
999 ## - SİSTEM KONTROL NUMARALARI (KOHA)
Koha Biblionumber 5650
Koha Biblioitemnumber 5650
Holdings
Kalıcı Konum Mevcut Konum Edinme Tarihi Edinim Kaynak Toplam Check-Out'Lar Tam Çağrı Numarası Barkod Tarih Son Görülme İtibaren Geçerli Fiyatlar Koha Öğesi Türü
CHP Kütüphanesi CHP Kütüphanesi 11/16/2016 Bağış   331.31 E67p 1994 009854 11/16/2016 11/16/2016 Books